000 01031nam a22002417a 4500
003 OSt
005 20250918161519.0
008 240401b ||||| |||| 00| 0 eng d
040 _c0
082 _aDPer 621.381 In821 September 2022 v. 37 n. 9
100 _aWang, Jingfang.
_eauthor.
_955590
245 _aA 24-pulse rectifier with a passive auxiliary current injection circuit at DC side /
_cJingfang Wang, Yusheng Lv, Lei Li, Xuliang Yao, Qi Guan, and Qiming Chen.
260 _aNew York ;
_bThe Institute of Electrical and Electronics Engineers, Inc. ,
_cSeptember 2022.
300 _aVolume 37, pages 11109-11123 :
_billustration ;
_c28 cm.
500 _aIEEE Transitions on Power Electronics, v. 37 n. 9, pages 11109-11123, September 2022.
700 _aWang, Jingfang.
_eauthor.
_955590
700 _aLv, Yusheng.
_eauthor.
_955591
700 _aLi, Lei.
_eauthor.
_955592
700 _aYao, Xuliang.
_eauthor.
_955593
700 _aGuan, Qi.
_eauthor.
_955594
700 _aChen, Qiming.
_eauthor.
_955595
942 _2ddc
_cPER
999 _c19912
_d19912